000 00393nam a2200133Ia 4500
003 GCL
008 140319s9999 xx 000 0 ara d
040 _aGCL /
_cGCL
082 0 4 _a414.1
_bم ص
100 1 _aمحمود توفيق محمد سعد
245 1 0 _aصور الامر والنهى فى الذكر الحكيم /
_cمحمود توفيق محمد سعد
300 _a149 ص
490 _a
999 _c37913
_d37913